Alexandrie l'Egyptienne /

محفوظ في:

المؤلف الرئيسي: Freire, Carlos, ‪ 1945- (مؤلف)

مؤلفون آخرون: Solé, Robert.

التنسيق: كتاب

اللغة: French

منشور في: Paris : Stock, c1998.

الموضوعات:

الوسوم: إضافة وسم

لا توجد وسوم, كن أول من يضع وسما على هذه التسجيلة!

رقم الطلب: DT154 .A4 F74 1998

LEADER 00826namaa2200253 4500
001 24598
003 OSt
005 20220309092417.0
008 130303s1998 fr a g 000 0 fre d
952 |0 0  |1 0  |2 lcc  |4 0  |6 DT0154 A4 F74 01998  |7 1  |9 38187  |a ARCE  |b ARCE  |d 2022-03-09  |l 0  |o DT154 .A4 F74 1998  |p 1002696  |r 2022-03-09 00:00:00  |w 2022-03-09  |y BK 
999 |c 22973  |d 22973 
010 |a 98177385 
020 |a 2234049849 
040 |c ARCE Library 
043 |a f-ua--- 
050 4 |a DT154 .A4 F74 1998 
100 1 |a Freire, Carlos, ‪  |d 1945-   |e author  |9 30285 
245 1 0 |a Alexandrie l'Egyptienne /   |c Carlos Freire, Robert Solé. 
264 1 |a Paris :   |b Stock,   |c c1998. 
300 |a 94 pages :   |b illustrations ;   |c 28 cm. 
651 0 |a Alexandria (Egypt)  |x Pictorial works. 
700 1 |a Solé, Robert. 
901 |a reviewed 
942 |c BK  |2 lcc